| 000 | 01242nam a22002537a 4500 | ||
|---|---|---|---|
| 003 | NALT | ||
| 005 | 20211009200257.0 | ||
| 008 | s2545 th tha d | ||
| 020 | _a9740904017 | ||
| 040 | _aNALT | ||
| 041 | _atha | ||
| 090 | _aว KE143.6 ว378ค 2545 | ||
| 100 | 0 | _aวัชรพงษ์ ลาดสุวรรณ | |
| 245 | 1 | 0 | _aคณะกรรมการป้องกันและปราบปรามการทุจริตแห่งชาติกับศึกษาการตรวจสอบทรัพย์สินของนักการเมืองไทย |
| 260 | 3 |
_aกรุงเทพฯ : _bมหาวิทยาลัยรามคำแหง, _c2545 |
|
| 300 |
_a120 หน้า ; _b 30 ซม. |
||
| 650 | 0 | 4 | _aการตรวจสอบทรัพย์สินและหนี้สิน |
| 650 | 0 | 4 | _aคณะกรรมการ ป.ป.ช. -- อำนาจหน้าที่ -- วิจัย |
| 650 | 0 | 4 | _aนักการเมือง -- การตรวจสอบทรัพย์สินและหนี้สิน |
| 650 | 0 | 4 | _aป.ป.ช. |
| 850 | _aNALT | ||
| 942 |
_cRSH _2lcc |
||
| 998 |
_bBENJALUCK _j109 _k อารีรัตน์ วิชาช่าง |
||
| 999 |
_c31277 _d31277 |
||